| 000 | 00667nam a22002297a 4500 | ||
|---|---|---|---|
| 003 | PE SENCICO BE | ||
| 005 | 20251020182623.0 | ||
| 008 | 230103b |||||||| |||| 00| 0 eng d | ||
| 020 | _a978-987-584-328-8 | ||
| 040 | _cPE SENCICO BE | ||
| 041 | _aspa | ||
| 082 |
_a720 _bZ48 |
||
| 100 | 1 |
_9364 _aZátonyi, Marta |
|
| 245 | 1 |
_aArquitectura y diseño : _banálisis y teoría / _cMarta Zátonyi |
|
| 250 | _a1a ed. | ||
| 260 |
_aBuenos Aires: _bNobuko, _c2011 |
||
| 300 |
_a[11], 354 p.: _bil.; _c20 cm. |
||
| 650 | 1 | 4 |
_949 _aArquitectura |
| 650 | 2 | 4 |
_918 _aDiseño arquitectónico |
| 910 |
_bhfp _chfp |
||
| 942 |
_2ddc _cLIB _h720 _iZ48 |
||
| 999 |
_c3729 _d3729 |
||